All #1 hits written by Max Martin - Statistics

General Stats
  • This quiz has been taken 201 times
  • The average score is 12 of 27
Answer Stats
Year Artist(s) Song % Correct
1998 Britney Spears ...Baby One More Time
82%
2010 Katy Perry feat. Snoop Dogg California Gurls
77%
2008 Katy Perry I Kissed a Girl
72%
2013 Katy Perry Roar
67%
2013 Katy Perry feat. Juicy J Dark Horse
60%
2019 The Weeknd Blinding Lights
59%
2008 Pink So What
57%
2011 Katy Perry feat. Kanye West E.T.
56%
2015 Taylor Swift feat. Kendrick Lamar Bad Blood
54%
2014 Taylor Swift Shake It Off
54%
2014 Taylor Swift Blank Space
53%
2010 Katy Perry Teenage Dream
52%
2015 The Weeknd Can't Feel My Face
46%
2011 Katy Perry Last Friday Night (T.G.I.F.)
45%
2016 Justin Timberlake Can't Stop the Feeling!
43%
2021 The Weeknd / Ariana Grande Save Your Tears
38%
2000 NSYNC It's Gonna Be Me
34%
2012 Taylor Swift We Are Never Ever Getting Back Together
29%
2021 Coldplay / BTS My Universe
28%
2024 Ariana Grande Yes, And?
28%
2009 Kelly Clarkson My Life Would Suck Without You
27%
2010 Pink Raise Your Glass
27%
2024 Ariana Grande We Can't Be Friends (Wait for Your Love)
27%
2009 Britney Spears 3
24%
2012 Katy Perry Part of Me
24%
2011 Britney Spears Hold It Against Me
23%
2012 Maroon 5 One More Night
20%
No matching quizzes found
Score Distribution
Percent of People with Each Score
Percentile by Number Answered
Your Score History
You have not taken this quiz